| 000 | 00407nam a2200181Ia 4500 | ||
|---|---|---|---|
| 008 | 220531s9999 xx 000 0 und d | ||
| 041 | _aeng | ||
| 082 | _bTIL | ||
| 100 |
_aTilak, Raghukul _948278 |
||
| 245 | _aJohn Donne : Select Poems | ||
| 250 | _a1ST | ||
| 260 |
_bRama _c2005 |
||
| 300 | _a269 | ||
| 542 | _d31-03-2006 | ||
| 650 |
_aEnglish _948279 |
||
| 906 | _d2005-2006 | ||
| 999 |
_c28266 _d28266 |
||